Piłka nożna - Ścieżka kariery #2 - Statystyki

Ogólne statystyki
  • Ten quiz został rozwiązany 423 razy
  • Średni wynik to 8 z 15
Statystyki odpowiedzi
Hint Odpowiedź % Poprawnych
Mbappe Kylian Mbappé
86%
Ibrahimovic Zlatan Ibrahimović
86%
Zieliński Piotr Zieliński
80%
Neuer Manuel Neuer
75%
Boniek Zbigniew Boniek
62%
Beckham David Beckham
60%
Antony Antony
59%
Henry Thierry Henry
52%
Sterling Raheem Sterling
50%
Aguero Sergio Agüero
50%
Krzynówek Jacek Krzynówek
35%
Scholes Paul Scholes
29%
Hajto Tomasz Hajto
28%
Carragher Jamie Carragher
18%
Arboleda Manuel Arboleda
14%
Nie znaleziono quizów pasujących do podanych kryteriów
Rozkład punktacji
Procent ludzi z każdym wynikiem
Percentyl według liczby udzielonych odpowiedzi
Twoja historia wyników
Nie rozwiązałeś tego quizu